000 00784nac a22002537a 4500
001 BR6002889
003 BR-BrBNA
005 20240105121734.0
008 230509b bl.|||m| |||| 00| 0 por d
040 _aBR-BrBNA
_bpor
_cBiblioteca Nacional de Agricultura
072 _aL02
090 _a5213 BR6002889
100 1 _aFaria, E.V.
110 1 _aInstituto de Zootecnia, Rio de Janeiro, GB (Brasil)
_96282
245 1 _aEmprego do balde e do balde-mamadeira do aleitamento dos bezerros
260 3 _aRio de Janeiro, GB (Brasil):
_c1956.
300 _a11 p.
490 _aPublicacao - Instituto de Zootecnia (Brazil)
_vno. 16
_x
500 _a7 ref.
650 _aBezerro
650 _aAleitamento
909 _a202312
_bLúcia Elande
_c55
_dLúcia Elande
942 _2AGRIS
_n0
_cMS
999 _c287139
_d287139